Κατάλογος Βιβλιοθηκών Mediterranean College

Στρατηγικό Μάρκετινγκ (Record no. 8382)

MARC details
000 -LEADER
fixed length control field 01730cam a22002054a 4500
005 - ΗΜΕΡΟΜΗΝΙΑ ΚΑΙ ΩΡΑ ΤΕΛΕΥΤΑΙΑΣ ΕΝΗΜΕΡΩΣΗΣ
Πεδίο ελέγχου 20250605163637.0
008 - FIXED-LENGTH DATA ELEMENTS--GENERAL INFORMATION
Πεδίο ελέγχου σταθερού μήκους 250528s ||||||||||||||||||||||||d
035 ## - SYSTEM CONTROL NUMBER
System control number 23357
020 ## - ISBN
ISBN 9603514748
040 ## - ΠΗΓΗ ΚΑΤΑΛΟΓΟΓΡΑΦΗΣΗΣ
Φορέας πρωτότυπης καταλογογράφησης MC Athens Campus Library
Γλώσσα καταλογογράφησης Ελληνικά, Μοντέρνα (1453-)
Modifying agency MC Athens Campus Library
Κανόνες περιγραφικής καταλογογράφησης AACR2
245 1# - ΤΙΤΛΟΣ ΚΑΙ ΔΗΛΩΣΗ ΥΠΕΥΘΥΝΟΤΗΤΑΣ
Τίτλος Στρατηγικό Μάρκετινγκ
250 ## - EDITION STATEMENT
Edition statement
260 ## - PUBLICATION, DISTRIBUTION, ETC.
Name of publisher, distributor, etc. Σταμούλης Α,
Date of publication, distribution, etc. 2004
300 ## - PHYSICAL DESCRIPTION
Extent 808
520 ## - SUMMARY, ETC.
Summary, etc. Η Έννοια της Στρατηγικής στις Επιχειρήσεις και η Στρατηγική του Μάρκετινγκ, Στρατηγικός Σχεδιασμός Μάρκετινγκ, Το Ανταγωνιστικό Πλεονέκτημα, Το Σχέδιο Μάρκετινγκ, Ανάλυση Πωλήσεων και Εξωτερικού Περιβάλλοντος και Ευκαιριών, Ανάλυση Ελκυστικότητας Βιομηχανίας, Ανάλυση Ανταγωνιστών, Ανάλυση Πελατών, Μέθοδοι Πρόβλεψης Πωλήσεων και Δυνατότητας Αγοράς, Στρατηγική Τμηματοποίηση και Στόχευση και Τοποθέτηση, Στρατηγικές Τιμολόγησης Προιόντων, Στρατηγικές Διανομής Προιόντων, Στρατηγικές Ανάπτυξης και Μεριδίου Αγοράς, Παγκόσμιες Στρατηγικές Μάρκετινγκ, Στρατηγικές Πολέμου Μάρκετινγκ, Εφαρμογή και Αξιολόγηση και Έλεγχος του Στρατηγικού Σχεδιασμού Μάρκετινγκ.
700 1# - ΠΡΟΣΘΕΤΗ ΑΝΑΓΡΑΦΗ--ΦΥΣΙΚΟ ΠΡΟΣΩΠΟ
Personal name Σιώμκος Γεώργιος Ι
942 ## - ADDED ENTRY ELEMENTS (KOHA)
Koha item type Books
Holdings
Τύπος τεκμηρίου Βιβλιοθήκη Τρέχουσα τοποθεσία Τοποθεσία Barcode Αριθμός εισαγωγής Ημερομηνία απόκτησης Ταξιθετικό σύμβολο Αριθμός αντιτύπου Κατάσταση απόσυρσης Κατάσταση χαμένου Κατάσταση κατεστραμμένου Μη δανεισμός Σύνολο δανεισμών Ημερομηνία τελευταίας εμφάνισης Η τιμή ισχύει από
Books MC Athens Campus Library MC Athens Campus Library Παράρτημα Γλυφάδας 9780000083814 7615 05/06/2025 658.8 SIO 1           05/06/2025 05/06/2025

MC Athens Campus Library
Πατησίων 94 & Κοδριγκτώνος 13, 104 34
Πελλήνης 8 & Πατησίων 107, 112 51
Τ: +30 210 8899600

MC Thessaloniki Campus Library
Ίωνος Δραγούμη 21, 54625 | Ίωνος Δραγούμη 15, 54625
Τ: +30 2310 287779 – Τ: +30 2314 440300